Statistics for Vampire Weekend Title in the Lyrics

Click here to take the quiz!

General Stats

  • This quiz has been taken 28 times
  • The average score is 12 of 20

Answer Stats

LyricSong% Correct
In December, drinking ________ / I'd look psychotic in a balaclavaHorchata
88%
_______, don't you know that it's insane? / Don't you want to get out of Cape Cod?Walcott
85%
A gardener told me some plants move, but I could not believe it / 'Til me and ______ ____ saw crawling vines and weeping willows as we made our way from Providence to PhoenixHannah Hunt
81%
Every time I see you in the world, you always ____ to my girlStep
81%
But I've been cheating through ____ ____ / And all its suffering / Oh, Christ! / Am I good for nothing?This Life
81%
Me and my _______ and you and your _______ / It's a line that's always runningCousins
73%
If _____ _____ won't change your mind / Baby, baby, baby, baby, right on timeDiane Young
73%
You're right back where you started from / I see it in your eyes, that now you're ______ __ ___ ___Giving Up the Gun
69%
I see a _______ ____ through the trees / I see a salty message written in the eavesMansard Roof
69%
I ran up the mountain, out of your sight / The snow on the peak was just __________ _____Unbearably White
65%
And I can't help but feel that you see the mistakes / But you let it go / __ ___Ya Hey
62%
Oh, ____, you see in the dark / Right past the fireflies that sleep in my heartBryn
58%
The pin-striped men of morning / Are coming forward to dance / With pure Egyptian cotton / ___ ____ ___'_ _____ _ ______The Kids Don't Stand a Chance
58%
____, will you think about me? / I could wait a year, but I shouldn't wait three2021
54%
And I admit I have been lax / In double-screening what I say / It wasn't funny anyway / _ _____ _________I Stand Corrected
50%
Raggedy wisdom falls from my hands / The ______ __ _________ know who I amLadies of Cambridge
46%
Through the condo that they'll never finish / Bounced across a Saudi satellite dish / And through your brain to __________ _______California English
38%
___'_ ___, I want him to know / God's loves die young; is he ready to go?Don't Lie
38%
When I was young, I was told I'd find / One ____ ___ in ten has a satisfied mind / And I'm the oneRich Man
31%
_______ couch, how handsome your furniture / Lovelier now, but dressed for a funeralOttoman
23%

Score Distribution

Percentile by Number Answered

Percent of People with Each Score

Your Score History

You have not taken this quiz